Trh práce v podmínkách Evropské unie
Saved in:
| Main Author: | |
|---|---|
| Other Authors: | , , , , , , , , , , , , , , , |
| Format: | Book |
| Language: | Czech Slovak English |
| Published: |
České Budějovice
Vysoká škola evropských a regionálních studií VŠERS
2018
|
| Edition: | 1. vydání |
| Subjects: | |
| Tags: |
No Tags, Be the first to tag this record!
|
MARC
| LEADER | 00000nlm a2200000 4500 | ||
|---|---|---|---|
| 001 | 0251416 | ||
| 005 | 20220913102025.5 | ||
| 020 | |a 978-80-7556-032-2 | ||
| 041 | 0 | |a cze | |
| 041 | 0 | |a slo | |
| 041 | 0 | |a eng | |
| 044 | |a CZ | ||
| 245 | 1 | 0 | |a Trh práce v podmínkách Evropské unie |c Marie Hesková a kol. ; recenzenti: Miroslav Foret, Vladimíra Khelerová |
| 250 | |a 1. vydání | ||
| 264 | 1 | |a České Budějovice |b Vysoká škola evropských a regionálních studií VŠERS |c 2018 | |
| 300 | |a online 123 s. | ||
| 610 | 2 | 0 | |a trh práce |
| 610 | 2 | 0 | |a pohyb síl pracovných medzinárodný |
| 610 | 2 | 0 | |a mzdy minimálne |
| 610 | 2 | 0 | |a legislatíva |
| 610 | 2 | 0 | |a priemysel 4.0 |
| 610 | 2 | 0 | |a zamestnanosť |
| 610 | 2 | 0 | |a riadenie personálne |
| 610 | 2 | 0 | |a marketing |
| 610 | 2 | 0 | |a školy vysoké |
| 610 | 2 | 0 | |a študenti |
| 610 | 2 | 0 | |a údaje štatistické medzinárodné |
| 610 | 2 | 0 | |a Slovensko |
| 610 | 2 | 0 | |a Česko |
| 610 | 2 | 0 | |a Európska únia |
| 100 | 1 | |a Hesková, Marie | |
| 700 | 1 | |a Barnová, Silvia | |
| 700 | 1 | |a Čepelová, Slávka | |
| 700 | 1 | |a Kabourková, Kristina | |
| 700 | 1 | |a Kainz, Aleš | |
| 700 | 1 | |a Kotýnková, Magdaléna | |
| 700 | 1 | |a Králik, Ján | |
| 700 | 1 | |a Krásna, Slávka | |
| 700 | 1 | |a Lieskovská, Vanda, 1961- | |
| 700 | 1 | |a Měrtlová, Libuše | |
| 700 | 1 | |a Petrovčiková, Katarína, 1977- | |
| 700 | 1 | |a Szarková, Miroslava, 1951- | |
| 700 | 1 | |a Toth, Daniel | |
| 700 | 1 | |a Toth, Štefan | |
| 700 | 1 | |a Žufan, Jan | |
| 700 | 1 | |a Foret, Miroslav | |
| 700 | 1 | |a Khelerová, Vladimíra | |